| 000 | 00562nam a22001937a 4500 | ||
|---|---|---|---|
| 999 |
_c6787 _d6787 |
||
| 003 | OSt | ||
| 005 | 20210223143042.0 | ||
| 008 | 210223b ||||| |||| 00| 0 eng d | ||
| 020 | _a1842775235 | ||
| 040 | _cDDC. | ||
| 082 | _a362.5NEW 2005 | ||
| 100 |
_aEdited by Gould,Jeremy; _913906 |
||
| 245 |
_aThe new conditionality, _bThe politics of poverty reduction strategies, |
||
| 260 |
_aLondon, _bZed books, _c2005. |
||
| 300 |
_a180p; _bill; _c23cm. |
||
| 504 | _aincludes bibliography and index. | ||
| 650 |
_asocial development. _911182 |
||
| 942 |
_2ddc _cO_SHELF |
||